Phức chất : Phương pháp tổng hợp và nghiên cứu cấu trúc
Cuốn sách trình bày phương pháp tổng hợp phức chất; phương pháp xác định thành phần phức chất; cách thức phân tích các phổ UV-Vis, IR, Raman, NMR, MS. Ở mỗi chương, sau phần cơ sở lý thuyết được viết ngắn gọn, phần phương pháp tiến hà...
Salvato in:
| Autore principale: | |
|---|---|
| Natura: | Libro |
| Lingua: | Undetermined |
| Pubblicazione: |
Hà Nội
Khoa học và Kỹ thuật
2007
|
| Soggetti: | |
| Tags: |
Aggiungi Tag
Nessun Tag, puoi essere il primo ad aggiungerne! !
|
| Thư viện lưu trữ: | Trung tâm Học liệu Trường Đại học Cần Thơ |
|---|
| LEADER | 01246nam a2200229Ia 4500 | ||
|---|---|---|---|
| 001 | CTU_142065 | ||
| 008 | 210402s9999 xx 000 0 und d | ||
| 020 | |c 84000 | ||
| 082 | |a 541.22 | ||
| 082 | |b Đ100 | ||
| 100 | |a Trần, Thị Đà | ||
| 245 | 0 | |a Phức chất : | |
| 245 | 0 | |b Phương pháp tổng hợp và nghiên cứu cấu trúc | |
| 245 | 0 | |c Trần Thị Đà, Nguyễn Hữu Đĩnh | |
| 260 | |a Hà Nội | ||
| 260 | |b Khoa học và Kỹ thuật | ||
| 260 | |c 2007 | ||
| 520 | |a Cuốn sách trình bày phương pháp tổng hợp phức chất; phương pháp xác định thành phần phức chất; cách thức phân tích các phổ UV-Vis, IR, Raman, NMR, MS. Ở mỗi chương, sau phần cơ sở lý thuyết được viết ngắn gọn, phần phương pháp tiến hành được viết tỉ mỉ với các số liệu cụ thể, có chỉ dẫn rõ ràng các mục có liên quan trong sách. | ||
| 650 | |a Inorganic compounds,Hợp chất vô cơ | ||
| 650 | |x Structure,Cấu trúc | ||
| 904 | |i Trọng Hải | ||
| 980 | |a Trung tâm Học liệu Trường Đại học Cần Thơ | ||